Nicole Kidman - Sudden Death - Statistics

General Stats
  • This quiz has been taken 239 times
  • The average score is 11 of 19
Answers on the Grid
Answers color-coded by a green-red scale on the quiz's grid according to % correct below.
The Blue Lagoon
The Fifth Element
Days of Thunder
Moulin Rouge
The Heat
Lion
The Beguiled
The Devil Wears Prada
The Others
Aquaman
Destroyer
The Iron Lady
The Hours
Rabbit Hole
Practical Magic
Jungle Cruise
The Peacemaker
The Wedding Planner
Cold Mountain
The Stepford Wives
The Interpreter
Bewitched
The Proposal
Cocktail
Eyes Wide Shut
Dead Calm
Leaving Las Vegas
The Golden Compass
The Railway Man
Legally Blonde
 
Answer Stats
Answer % Correct
Moulin Rouge
89%
Eyes Wide Shut
87%
Bewitched
74%
Cold Mountain
74%
The Stepford Wives
71%
The Hours
70%
The Others
70%
Days of Thunder
66%
Practical Magic
66%
The Golden Compass
65%
Lion
55%
Dead Calm
50%
The Beguiled
50%
The Interpreter
48%
Aquaman
47%
The Peacemaker
45%
Rabbit Hole
39%
The Railway Man
36%
Destroyer
31%
No matching quizzes found
Score Distribution
Percent of People with Each Score
Percentile by Number Answered
Your Score History
You have not taken this quiz